The dogs of the world... / (Registro nro. 31721)

Detalles MARC
000 -LEADER
campo de control de longitud fija 00509nam a2200181 i 4500
001 - NÚMERO DE CONTROL
campo de control 31721
003 - IDENTIFICADOR DE NÚMERO DE CONTROL
campo de control ES-MaACL
005 - FECHA Y HORA DE LA ÚLTIMA TRANSACCIÓN
campo de control 20230906154430.0
007 - CAMPO FIJO DE DESCRIPCIÓN FÍSICA--INFORMACIÓN GENERAL
campo de control de longitud fija t|
008 - DATOS DE LONGITUD FIJA--INFORMACIÓN GENERAL
campo de control de longitud fija 030130s1977 xxka |||| | eng d
100 1# - ENTRADA PRINCIPAL--NOMBRE DE PERSONA
Nombre de persona Bengtson, Bo.
9 (RLIN) 27577
245 14 - MENCIÓN DEL TÍTULO
Título The dogs of the world... /
Mención de responsabilidad, etc. Bo Bengtson, Ake Wintzell.
260 ## - PUBLICACIÓN, DISTRIBUCIÓN, ETC.
Lugar de publicación, distribución, etc. London :
Nombre del editor, distribuidor, etc. David & Charles,
Fecha de publicación, distribución, etc. [1977]
300 ## - DESCRIPCIÓN FÍSICA
Extensión 288 p. :
Otras características físicas il. ;
Dimensiones 25 cm.
650 #4 - PUNTO DE ACCESO ADICIONAL DE MATERIA--TÉRMINO DE MATERIA
Término de materia o nombre geográfico como elemento de entrada Perros.
9 (RLIN) 150938
700 1# - ENTRADA AGREGADA--NOMBRE PERSONAL
Nombre de persona Wintzell, Ake.
9 (RLIN) 117126
852 ## - LOCALIZACIÓN
Ubicación ES-MaACL
Número de control de estantería A-7715
Sublocalización o colección R.96565
Existencias
Estatus retirado Estado de pérdida Estado de daño No para préstamo Biblioteca de origen Biblioteca actual Ubicación en estantería Fecha de adquisición Fuente de adquisición Total de préstamos Signatura topográfica completa Código de barras Visto por última vez Precio de reemplazo Tipo de ítem Koha
        Biblioteca del Ateneo de Madrid Biblioteca del Ateneo de Madrid Sala Pecera Planta 1 17/01/2008     A-7715 1032797 23/02/2023 23/02/2023 Libro impreso